Valtioiden lippuja #1 - Statistics

Yleistilastot
  • Tätä visaa on pelattu 7 897 kertaa
  • Keskiarvotulos 19 / 20
Vastaustilastot
Kuvavisa Vastaus % Oikein
Kanada
99%
Ranska
99%
Yhdysvallat
99%
Brasilia
98%
Italia
98%
Japani
98%
Kiina
98%
Norja
98%
Ruotsi
98%
Yhdistynyt kuningaskunta
98%
Kreikka
97%
Venäjä
97%
Australia
96%
Israel
94%
Irlanti
93%
Alankomaat
90%
Jamaika
87%
Meksiko
85%
Etelä-Afrikka
82%
Iran
74%
Ehtoja vastaavia visoja ei löytynyt
Tulosjakauma
Jokaisen tuloksen saaneiden osuus
Persentiili vastausten määrän mukaan
Tuloshistoriasi
Et ole pelannut tätä visaa